| 000 | 00420pab a2200157 454500 | ||
|---|---|---|---|
| 008 | 180718b2013 xxu||||| |||| 00| 0 eng d | ||
| 100 | _aPande, Amba | ||
| 245 | _aConceptualizing Indian Diaspora: Diversities within a common identity (Notes) | ||
| 260 | _c2013 | ||
| 300 | _ap.59-65. | ||
| 362 | _aDec | ||
| 650 | _aNonresident Indians | ||
| 773 | _aEconomic and Political Weekly | ||
| 908 | _aN | ||
| 909 | _a102969 | ||
| 999 |
_c102966 _d102966 |
||